000 00220nam a22001097a 4500
082 _a570 MAK'B
100 _aMAKIYENKO, N
_980661
245 _aBENCH WORK
260 _aMOSCOW
_bMIR
_c1967
300 _a475P
942 _cBK
999 _c585558
_d585558